000 00744cam a2200241 a 4500
001 000006201
003 OSt
005 20200929151955.0
008 760826s1973 cu a f000 0 spa
040 _aDO-SdBNP
_bspa
_cBNPHU
082 _aM861.44
_bJ32a
100 1 _aJamis, Fayad,
_d1930-1988.
_917358
245 1 0 _aAbrí la verja de hierro /
_cFayad Jamis.
260 _aLa Habana :
_bInstituto Cubano del Libro,
_c1973.
300 _a172 p. :
_bil. ;
_c21 cm.
490 1 _aContemporáneos
500 _aIncluye datos biográficos del autor en la solapa de la cubierta.
650 4 _aPoesía mexicana
_99120
650 4 _aLiteratura mexicana
_ySIGLO XXI
_916596
830 0 _aContemporáneos
_96941
942 _2ddc
_cLF1
956 _aLOPEREZ
999 _c5996
_d5996